| 000 | 00426nam a2200133Ia 4500 | ||
|---|---|---|---|
| 008 | 170221s9999 xx 000 0 und d | ||
| 100 | _aAndrew Marshall, | ||
| 245 | 4 | _aThe Choice of Debt Source by UK Firms (pages 729–764) | |
| 245 | _cAndrew Marshall, Laura Mccann and Patrick Mccolgan | ||
| 260 | _c2012 | ||
| 300 | _a10 : 3 | ||
| 650 | _xBusiness | ||
| 856 | _uhttp://onlinelibrary.wiley.com/doi/10.1111/jbfa.12194/epdf | ||
| 999 |
_c311671 _d311671 |
||